00493nam a22001577a 450000500170000001000150001702000260003203500140005803700130007208200060008510000230009124500510011426000340016527001160019930000200031520190709140647.0 aENG-125861 a9789389136036c350.00 aEN-109393 bDBAD/PUB aN aSen, Nabaneeta Dev aThe parrot green saree /cby Nabaneeta Dev Sen aNew DelhibNiyogi Booksc2019 aBlock D, Building No.77, Okhla Industrial Area, Phase-1bNew Delhie110020k011-26816301mniyogibooks@gmail.com a127p.c23cm(Hb)